00325nam a2200133Ia 45000030006000000080041000060400015000471000025000622450052000872600017001393000006001565460012001620050017001740STCL150530s9999 xx 000 0 und d aSTCLcSTCL aLalitha Kumari, M.A. aStudy of Faction in the works of Shashi Tharoor bAuthorc2007 a0 aEnglish20220125170822.0